00247nam a22000977a 450000500170000008200210001710000170003824500430005526000400009830000110013820260530122047.0 a581.634095 OWS.H aReed, Oswald aHandbook of medicinal plants of asia / aJaipur :bAgrotech press ,cc2024. a280 p.